|
|
|
|
| LEADER |
00000nam a2200000Ii 4500 |
| 001 |
DIGCOLMX0031 |
| 003 |
NyNyDIG |
| 007 |
cr ||||||||||| |
| 008 |
211112s2020 mx a ob 000 0 spa d |
| 006 |
m o d |
| 035 |
|
|
|a (OCoLC)1287829241
|
| 040 |
|
|
|a DGITA
|b eng
|e rda
|e pn
|c DGITA
|
| 020 |
|
|
|a 9786075642635
|q eBook
|
| 020 |
|
|
|z 9786075642161
|
| 043 |
|
|
|a n-mx---
|
| 050 |
1 |
4 |
|a HQ799.9.P6 ebook
|
| 082 |
1 |
4 |
|a 305.2350972
|
| 100 |
1 |
|
|a Urbina Cortés, Gustavo Adolfo,
|e author.
|
| 245 |
1 |
0 |
|a Ficciones democráticas :
|b un estudio sobre desigualdades sociales tornadas en asimetrías políticas /
|c Gustavo A. Urbina Cortés.
|
| 250 |
|
|
|a Primera edición electrónica.
|
| 264 |
|
1 |
|a Ciudad de México :
|b El Colegio de México,
|c 2020.
|
| 300 |
|
|
|a 1 online resource :
|b illustrations.
|
| 336 |
|
|
|a text
|b txt
|2 rdacontent
|
| 337 |
|
|
|a computer
|b c
|2 rdamedia
|
| 338 |
|
|
|a online resource
|b cr
|2 rdacarrier
|
| 347 |
|
|
|a text file
|2 rdaft
|
| 347 |
|
|
|b EPUB
|
| 504 |
|
|
|a Includes bibliographical references.
|
| 588 |
0 |
|
|a Online resource; title from ePub title page (Digitalia, viewed November 12, 2021)
|
| 650 |
|
0 |
|a Equality
|z Mexico.
|
| 650 |
|
0 |
|a Young adults
|z Mexico
|x Social conditions.
|
| 650 |
|
0 |
|a Young adults
|x Political activity
|z Mexico.
|
| 655 |
|
0 |
|a Electronic books.
|
| 791 |
2 |
|
|a Digitalia (Firm),
|e distributor.
|
| 793 |
0 |
|
|g Digitalia eBook Collection:
|a El Colegio de México
|
| 776 |
0 |
8 |
|i Print version:
|a Urbina Cortés, Gustavo Adolfo.
|t Ficciones democráticas.
|b Primera edición.
|d Ciudad de México : El Colegio de México, 2020
|z 9786075642161
|
| 856 |
4 |
0 |
|3 Digitalia Hispánica
|u https://www.digitaliapublishing.com/a/102642/
|
| 910 |
|
|
|a Premium collection: 2021
|